Lüge, um zu gewinnen - Klick Quiz #2 - Statistiken

Allgemein
  • Dieses Quiz wurde 11.378 mal gespielt
  • Das Durchschnittsergebnis liegt bei 15 aus 20
Antwortstatistiken
Hint Explanation Antwort % Korrekt
Hast du ein Gehirn? Nein
97%
Wächst Geld an Bäumen? Ja
91%
Bist du noch am Leben? Nein
91%
Was ist das Gegenteil von "Ja"? Ja
87%
Ist Indien bevölkerungsreicher als Vatikanstadt? Nein
85%
Ist Jurassic Park eine Dokumentation? Ja
83%
Ist dies ein Fragesatz? Nein
83%
Hast du 6 Arme, 3 Beine und 7 Augen? Ja
82%
Kommt Dienstag nach Montag? Nein
77%
Was ist das Antonym von "Ja"? Ja
76%
Ist eine Tonne schwerer als ein Kilogramm?
Nein
75%
Ist ein Land Teil der UN, dessen Name mit X startet? Ja
71%
Ist Dwayne Johnson der Sohn von Lyndon B. Johnson? Let me save you from nitpicking, just in case: the President Johnson had only two daughters. None of whom was named Dwayne. Ja
70%
Ist "A" ein Vokal? Nein
70%
Sind Wale Fische? Ja
65%
Wird ein Baby-Schaf Lumm genannt? Ja
63%
5+5=25. Ist das korrekt? Ja
62%
Hast du diese Frage gelesen? Nein
53%
Pikachu ist gelb, ist das richtig? Nein
49%
Warst du jemals im Internet? Nein
44%
Keine übereinstimmenden Quizze gefunden
Verteilung der Resultate
Anzahl Personen mit jedem Resultat
Perzentil nach korrekt beantworteten Fragen
Ihre Resultats-Entwicklung
Sie haben dieses Quiz noch nicht gespielt